000 01013cad a22002055a 4500
001 E154887
008 120130e20120128xxk 000 0 eng u
035 _a(Sirsi) u154887
041 0 _aeng
110 2 _aBank of Scotland
_95792
245 0 0 _aBuying is 6% cheaper than renting
_h[electronic resource]
260 _c2012
490 _aBank of Scotland Press Release
_v28 January 2012
520 _aBuying a home in Scotland is now 6% cheaper than renting, with the average monthly cost of buying a three bedroom house in Scotland standing at £510 in December 2011, 6% lower than the average monthly rent of £540 for a similar property. The current cost of buying in Scotland is 15% lower than the UK average of £600.
590 _aKA
651 4 _aScotland
_y1999-
690 _aPROPERTY-RESIDENTIAL PROPERTY-RESIDENTIAL PROPERTY MARKET
856 4 0 _uhttps://www.lloydsbankinggroup.com/media/pdfs/bos/2012/2801_Buying.pdf
_zView the news release free of charge at www.lloydsbankinggroup.com
942 _n0
999 _c83739
_d83739